[Event "HUN-chT2 Breyer 1112"]
[Site "Hungary"]
[Date "2011.09.26"]
[Round "1.4"]
[White "Finszter, Mate"]
[Black "Toth, Gyula"]
[Result "1/2-1/2"]
[WhiteElo "2071"]
[BlackElo "2099"]
[PlyCount "216"]
[EventDate "2011.09.25"]
[EventType "team-tourn"]
[EventRounds "11"]
[EventCountry "HUN"]
[SourceTitle "EXT 2013"]
[Source "ChessBase"]
[SourceDate "2012.11.22"]
[SourceVersion "1"]
[SourceVersionDate "2012.11.22"]
[SourceQuality "1"]
[WhiteTeam "Gyor Komszomol"]
[BlackTeam "Zoltek"]
[WhiteTeamCountry "HUN"]
[BlackTeamCountry "HUN"]

1. d4 d5 2. c4 c6 3. Nf3 Nf6 4. Qb3 e6 5. Nc3 Nbd7 6. Bg5 Be7 7. e3 0-0 8. Bd3 Re8 9. 0-0 dxc4 10. Qxc4 Nd5 11. Bxe7 Qxe7 12. Rfd1 Nxc3 13. Qxc3 e5 14. dxe5 Nxe5 15. Nxe5 Qxe5 16. Qxe5 Rxe5 17. Bc4 Bf5 18. Rd2 Kf8 19. Rad1 Rae8 20. a3 R5e7 21. Kf1 Re5 22. Ba2 a6 23. Bc4 R5e7 24. Rd6 Re5 25. R6d2 R5e7 26. Bd3 Bxd3+ 27. Rxd3 Rc7 28. f3 Ke7 29. b4 Rec8 30. Ke2 a5 31. e4 axb4 32. axb4 Ra8 33. Ke3 Ra2 34. R1d2 Rxd2 35. Rxd2 b6 36. Ra2 Kd6 37. Kd4 f6 38. Ra8 c5+ 39. bxc5+ bxc5+ 40. Kc4 Rb7 41. Ra6+ Ke5 42. Ra2 Kd6 43. g3 Rb4+ 44. Kc3 Rb7 45. Ra6+ Kd7 46. Kc4 Rc7 47. Ra5 Kd6 48. h4 h6 49. Ra6+ Kd7 50. Ra8 Kd6 51. Rd8+ Ke6 52. Rd5 Ra7 53. Rd3 Rc7 54. h5 Rc8 55. Rd5 Ra8 56. Rxc5 Ra3 57. Rf5 Ra1 58. Kd4 Rg1 59. g4 Ra1 60. Ke3 Ra3+ 61. Kf4 Ra4 62. Rb5 Ra7 63. Rb8 Kf7 64. Rb6 Rc7 65. Ra6 Rb7 66. Ra5 Rc7 67. Kf5 Rb7 68. f4 Rc7 69. e5 fxe5 70. fxe5 Rb7 71. Rd5 Rb4 72. Rd7+ Kf8 73. Rd8+ Ke7 74. Rg8 Kf7 75. Ra8 Rc4 76. Ra1 Rb4 77. Ra2 Rc4 78. Ra3 Rb4 79. Ra8 Rc4 80. e6+ Ke7 81. Ra7+ Kf8 82. Rf7+ Kg8 83. Rb7 Kf8 84. Rf7+ Kg8 85. Ke5 Rxg4 86. Rf3 Ra4 87. e7 Ra5+ 88. Kd6 Ra6+ 89. Kc5 Ra5+ 90. Kb6 Ra8 91. Kc7 Ra7+ 92. Kd6 Ra6+ 93. Kc5 Ra5+ 94. Kb6 Ra8 95. Rd3 Re8 96. Kc6 Rxe7 97. Kd6 Re1 98. Rh3 Kh7 99. Kd5 g6 100. hxg6+ Kxg6 101. Kd4 Kg5 102. Re3 Rf1 103. Kd3 h5 104. Ke2 Rg1 105. Kf2 Rg4 106. Rg3 Kh4 107. Ra3 Rb4 108. Kg2 Kg4 1/2-1/2

[Event "HUN-chT2 Breyer 0910"]
[Site "Hungary"]
[Date "2009.12.20"]
[Round "4"]
[White "Bodrogi, Mihaly"]
[Black "Toth, Gyula"]
[Result "1-0"]
[WhiteElo "2192"]
[BlackElo "2135"]
[PlyCount "98"]
[EventDate "2009.11.08"]
[EventType "team-tourn"]
[EventRounds "11"]
[EventCountry "HUN"]
[SourceTitle "EXT 2011"]
[Source "ChessBase"]
[SourceDate "2010.11.26"]
[SourceVersion "1"]
[SourceVersionDate "2010.11.26"]
[SourceQuality "1"]
[WhiteTeam "BEAC II"]
[BlackTeam "Esztergom"]
[WhiteTeamCountry "HUN"]
[BlackTeamCountry "HUN"]

1. e4 c5 2. Nf3 Nc6 3. Bb5 g6 4. 0-0 Bg7 5. Nc3 e5 6. Nd5 Nge7 7. Nxe7 Qxe7 8. Re1 0-0 9. c3 d6 10. d4 cxd4 11. Bxc6 bxc6 12. cxd4 Bg4 13. dxe5 Bxe5 14. h3 Bxf3 15. Qxf3 Rab8 16. Rb1 a5 17. b3 f5 18. Bh6 Rf7 19. exf5 Qh4 20. Be3 gxf5 21. Qxc6 f4 22. Bd2 f3 23. Re4 Qh5 24. Rg4+ Kh8 25. Rg5 Qh4 26. Rg4 Qh5 27. Bc3 fxg2 28. Bxe5+ Qxe5 29. Rc1 Rbf8 30. Rxg2 Rf3 31. Rd1 R3f6 32. Qd5 Qe2 33. Rd2 Qe7 34. Qd4 h6 35. Rd3 Qe5 36. Kh1 Qe7 37. Rdg3 Qf7 38. Rg6 Kh7 39. Rxf6 Qxf6 40. Qxf6 Rxf6 41. Kg1 Rf3 42. Rg3 Rf5 43. Rg4 d5 44. Rd4 Kg6 45. Ra4 Kg5 46. Kg2 Kf6 47. Rxa5 Ke5 48. Ra6 Rf6 49. f4+ Kf5 1-0

[Event "HUN-chT2 Breyer 0304"]
[Site "Hungary"]
[Date "2004.04.04"]
[Round "10"]
[White "Szabo, Janos"]
[Black "Toth, Gyula"]
[Result "1-0"]
[WhiteElo "2180"]
[BlackElo "2145"]
[PlyCount "85"]
[EventDate "2003.09.28"]
[EventType "team"]
[EventRounds "11"]
[EventCountry "HUN"]
[SourceTitle "EXT 2009"]
[Source "ChessBase"]
[SourceDate "2008.11.26"]
[SourceVersion "1"]
[SourceVersionDate "2008.11.26"]
[SourceQuality "1"]
[WhiteTeam "MAFC"]
[BlackTeam "Zoltek"]
[WhiteTeamCountry "HUN"]
[BlackTeamCountry "HUN"]

1. e4 c5 2. Nf3 Nc6 3. Bb5 g6 4. 0-0 Bg7 5. Re1 e5 6. c3 Nge7 7. d3 0-0 8. Be3 d6 9. d4 cxd4 10. cxd4 Bg4 11. d5 Nd4 12. Be2 Nxe2+ 13. Qxe2 f5 14. Bg5 fxe4 15. Qxe4 Bxf3 16. gxf3 Qd7 17. Nc3 Nf5 18. Ne2 Rae8 19. Rac1 h6 20. Bd2 Qf7 21. Bb4 g5 22. Kh1 Nh4 23. Bxd6 Nxf3 24. Bxf8 Qh5 25. Kg2 g4 26. h4 Nxh4+ 27. Kg3 Rxf8 28. Rh1 Nf5+ 29. Kg2 Qg5 30. Rc7 Nd6 31. Qe3 Qf6 32. Ng3 Qf3+ 33. Qxf3 gxf3+ 34. Kh3 e4 35. Rg1 Kh8 36. Rxg7 Kxg7 37. Nxe4+ Kf7 38. Nxd6+ Ke7 39. Nxb7 Rc8 40. Rg7+ Kf6 41. Rf7+ Kg5 42. Rxf3 Rc1 43. d6 1-0

[Event "Debrecen Aranybika op 5th"]
[Site "Debrecen"]
[Date "2002.12.29"]
[Round "7.7"]
[White "Lengyel, Istvan"]
[Black "Toth, Gyula"]
[Result "0-1"]
[WhiteElo "1907"]
[BlackElo "1637"]
[PlyCount "78"]
[EventDate "2002.12.30"]
[EventType "swiss"]
[EventRounds "10"]
[EventCountry "HUN"]
[SourceTitle "CBM 092 Extra"]
[Source "ChessBase"]
[SourceDate "2003.03.07"]
[SourceVersion "1"]
[SourceVersionDate "2003.03.07"]
[SourceQuality "1"]

1. d4 d5 2. Nf3 e6 3. Bf4 b6 4. e3 Bb7 5. Bd3 Nf6 6. Nbd2 Be7 7. c3 Nbd7 8. 0-0 Ne4 9. Bc2 f5 10. Ne5 0-0 11. h3 Rc8 12. Ba4 c6 13. f3 Nxd2 14. Qxd2 b5 15. Bc2 Nf6 16. Rfe1 c5 17. a3 g6 18. Bd3 a6 19. Qf2 Nh5 20. Qd2 Nxf4 21. exf4 cxd4 22. cxd4 Bf6 23. g3 Re8 24. Kf2 Qb6 25. Qe3 Re7 26. Ke2 a5 27. Kd2 b4 28. b3 bxa3 29. Bc2 Rec7 30. Rec1 Qb4+ 31. Kd1 Ba6 32. Qd2 Rc3 33. Qf2 Bb5 34. Ra2 g5 35. fxg5 Bxe5 36. dxe5 d4 37. f4 d3 38. Qb6 dxc2+ 39. Rcxc2 Be2+ 0-1

[Event "Debrecen Aranybika op 5th"]
[Site "Debrecen"]
[Date "2002.12.28"]
[Round "5.9"]
[White "Balla, Andras"]
[Black "Toth, Gyula"]
[Result "1-0"]
[WhiteElo "1762"]
[BlackElo "1637"]
[PlyCount "111"]
[EventDate "2002.12.30"]
[EventType "swiss"]
[EventRounds "10"]
[EventCountry "HUN"]
[SourceTitle "CBM 092 Extra"]
[Source "ChessBase"]
[SourceDate "2003.03.07"]
[SourceVersion "1"]
[SourceVersionDate "2003.03.07"]
[SourceQuality "1"]

1. Nf3 d5 2. g3 e6 3. Bg2 Be7 4. 0-0 Nf6 5. d3 0-0 6. Nbd2 Nc6 7. c3 Bd7 8. e4 dxe4 9. dxe4 e5 10. Re1 Bd6 11. Nc4 Qe7 12. Qc2 Rfd8 13. b4 Be6 14. Ne3 h6 15. Nh4 Qe8 16. Bb2 Ne7 17. a3 g5 18. Nf3 Ng6 19. c4 c6 20. c5 Bc7 21. Nc4 Bxc4 22. Qxc4 g4 23. Nh4 Nxh4 24. gxh4 Qe7 25. Bc1 Kh7 26. Qe2 Rg8 27. Kh1 Nh5 28. Qd2 Nf4 29. h5 Rad8 30. Qa2 Rg7 31. Bxf4 exf4 32. f3 g3 33. h3 b6 34. cxb6 Bxb6 35. Qc2 Qe5 36. Qxc6 f6 37. Qc2 Rc7 38. Qb3 Kg7 39. Rac1 Rxc1 40. Rxc1 Rd2 41. a4 a5 42. bxa5 Qxa5 43. Qe6 Qe5 44. Qxb6 Qxh5 45. a5 Ra2 46. a6 Qa5 47. Qxa5 Rxa5 48. Bf1 Kg6 49. Rc2 f5 50. exf5+ Kxf5 51. Bc4 Ra4 52. Kg2 Ke5 53. Ra2 Rxc4 54. a7 Rc8 55. a8Q Rxa8 56. Rxa8 1-0

[Event "HUN-chT2 Breyer 0203"]
[Site "Hungary"]
[Date "2002.10.13"]
[Round "2"]
[White "Toth, Gyula"]
[Black "Marodi, Matyas"]
[Result "1/2-1/2"]
[WhiteElo "2130"]
[BlackElo "2051"]
[PlyCount "84"]
[EventDate "2002.09.22"]
[EventType "team"]
[EventRounds "11"]
[EventCountry "HUN"]
[SourceTitle "EXT 2009"]
[Source "ChessBase"]
[SourceDate "2008.11.26"]
[SourceVersion "1"]
[SourceVersionDate "2008.11.26"]
[SourceQuality "1"]

1. e4 e6 2. Qe2 Be7 3. f4 d5 4. d3 dxe4 5. dxe4 Nf6 6. Nf3 Bd7 7. g3 b5 8. Bg2 a6 9. 0-0 0-0 10. h3 Bc5+ 11. Kh2 Bc6 12. Ne5 Bb7 13. Nd2 Nc6 14. Nxc6 Bxc6 15. Nb3 Bb6 16. Bd2 a5 17. Bc3 Kh8 18. Rad1 Qe7 19. Nd4 Bxd4 20. Bxd4 Nd7 21. Qf2 b4 22. b3 Bb5 23. Rfe1 c5 24. Bb2 Rac8 25. c4 Bc6 26. e5 Nb8 27. Rd6 Bxg2 28. Qxg2 Rfd8 29. Red1 Rxd6 30. exd6 Qd7 31. Qe4 Rd8 32. g4 Na6 33. g5 Rg8 34. Rd3 Nb8 35. h4 Qc6 36. Qe3 Rd8 37. Be5 Nd7 38. h5 f6 39. Bb2 Re8 40. gxf6 gxf6 41. Qh3 Rg8 42. Qf3 Qc8 1/2-1/2

[Event "HUN-chT3 0102"]
[Site "Hungary"]
[Date "2002.01.13"]
[Round "5.3"]
[White "Toth, Gyula"]
[Black "Hallossy, Tibor"]
[Result "1-0"]
[WhiteElo "2130"]
[BlackElo "2139"]
[PlyCount "49"]
[EventDate "2001.09.30"]
[EventType "team"]
[EventRounds "11"]
[EventCountry "HUN"]
[SourceTitle "EXT 2004"]
[Source "ChessBase"]
[SourceDate "2003.11.25"]
[SourceVersion "1"]
[SourceVersionDate "2003.11.25"]
[SourceQuality "1"]

1. e4 c5 2. Nf3 e6 3. d4 cxd4 4. Nxd4 Nf6 5. Bd3 Nc6 6. Nxc6 bxc6 7. 0-0 d5 8. Nd2 Qc7 9. Qe2 Bd6 10. h3 0-0 11. Re1 dxe4 12. Nxe4 Nxe4 13. Qxe4 f5 14. Qc4 Kh8 15. Be3 c5 16. Rad1 e5 17. Bf1 f4 18. Bxf4 exf4 19. Qd5 Rb8 20. Qxd6 Qxd6 21. Rxd6 Rxb2 22. Red1 Bf5 23. R1d5 Bxc2 24. Rxc5 g6 25. Rd2 1-0

[Event "HUN-chT3 0102"]
[Site "Hungary"]
[Date "2001.10.14"]
[Round "2.3"]
[White "Blaho, Stefan"]
[Black "Toth, Gyula"]
[Result "1-0"]
[WhiteElo "2150"]
[BlackElo "2124"]
[PlyCount "81"]
[EventDate "2001.09.30"]
[EventType "team"]
[EventRounds "11"]
[EventCountry "HUN"]
[SourceTitle "EXT 2004"]
[Source "ChessBase"]
[SourceDate "2003.11.25"]
[SourceVersion "1"]
[SourceVersionDate "2003.11.25"]
[SourceQuality "1"]

1. d4 d5 2. c4 c6 3. Nc3 Nf6 4. Nf3 e6 5. e3 Nbd7 6. Be2 dxc4 7. a4 Bb4 8. 0-0 Qa5 9. Na2 b5 10. Nxb4 Qxb4 11. Bd2 Qe7 12. b3 bxa4 13. bxc4 0-0 14. Rxa4 c5 15. Qa1 Nb6 16. Ra5 cxd4 17. exd4 Ne4 18. Be3 Bb7 19. Rc1 Qc7 20. Bf1 Rfc8 21. Ne5 f6 22. Nf3 Qd8 23. Rxa7 Ng5 24. Nxg5 fxg5 25. Rxa8 Bxa8 26. Qa5 h6 27. d5 exd5 28. Qxb6 Qe8 29. cxd5 Rxc1 30. Bxc1 Bxd5 31. Qc5 Qe4 32. Bb2 Qe6 33. Qd4 Qf7 34. f3 g4 35. fxg4 Qb7 36. h3 Kh8 37. Qe5 Qd7 38. Bd4 Qf7 39. Bd3 Qg8 40. Qd6 Bf7 41. Qxh6+ 1-0

[Event "Cseppko op-A 10th"]
[Site "Aggtelek"]
[Date "2001.07.19"]
[Round "5"]
[White "Dede, Erno"]
[Black "Toth, Gyula"]
[Result "1-0"]
[WhiteElo "2366"]
[BlackElo "2169"]
[PlyCount "45"]
[EventDate "2001.07.16"]
[EventType "swiss"]
[EventRounds "9"]
[EventCountry "HUN"]
[SourceTitle "EXT 2004"]
[Source "ChessBase"]
[SourceDate "2003.11.25"]
[SourceVersion "1"]
[SourceVersionDate "2003.11.25"]
[SourceQuality "1"]

1. d4 d5 2. e3 Nf6 3. Bd3 Nbd7 4. f4 c5 5. c3 Ne4 6. Nd2 cxd4 7. exd4 Ndf6 8. Ngf3 e6 9. Qe2 Nxd2 10. Bxd2 Bd6 11. Ne5 Qe7 12. 0-0 Bd7 13. a4 g6 14. Be1 Qd8 15. Bh4 Be7 16. f5 0-0 17. Rae1 gxf5 18. Bxf5 Bxa4 19. Bxf6 Bxf6 20. Bxh7+ Kxh7 21. Qh5+ Kg7 22. Re3 Bc2 23. Rg3+ 1-0